00440nam a2200133Ia 4500008004100000024004400041082001600085100006100101245003600162260002600198600003200224650003300256999001700289260210s9999 xx 000 0 und d a18B-004-CE, 18B-006-CE & 18B-027-CE a600.027 NAF aAyyan Nafees Faruqi, Ammar Wara Khan & Muhammad Maaz 0aSmart Poultry Management System aKarachi:bUITU,c2018 aComputer System Engineering aBachelor of Engineering (BE) c32797d32797